000 01023pam a22003371i 4500
999 _c2663
_d2663
001 018832854
003 Uk
005 20230809092359.0
006 m || d |
007 cr |||||||||||
008 180329s2018 enk o 000|0|eng|d
015 _aGBB870041
_2bnb
020 _a9781510421363
037 _aHachetteUK615513
_bIngram Content Group
040 _aStDuBDS
_beng
_cStDuBDS
_dUk
_dKH8
_erda
_epn
042 _aukblsr
082 0 4 _a910 GUI
100 1 _aGuinness, Paul,
_d1951-
_eauthor.
245 1 0 _aCambridge IGCSE and O level geography /
_cPaul Guinness, Garrett Nagle.
250 _aThird edition.
264 1 _aLondon :
_bHodder Education,
_c2018.
300 _a336 pages.
_c8.39 x 0.59 x 10.87 inches.
336 _atext
_2rdacontent
337 _acomputer
_2rdamedia
338 _aonline resource
_2rdacarrier
650 0 _aGeography
_xExaminations
_vStudy guides.
700 1 _aNagle, Garrett,
_eauthor.
776 0 8 _iPrint version :
_z9781510421363
942 _2ddc
_cTR